[Event "BCF-chT4 0607 (4NCL)"]
[Site "Sunningdale"]
[Date "2006.12.02"]
[Round "3.3"]
[White "Donovan, Nigel"]
[Black "Walker, Andrew N"]
[Result "0-1"]
[WhiteElo "2119"]
[BlackElo "2060"]
[PlyCount "134"]
[EventDate "2006.09.16"]
[EventType "team-tourn"]
[EventRounds "11"]
[EventCountry "ENG"]
[SourceTitle "EXT 2008"]
[Source "ChessBase"]
[SourceDate "2007.11.25"]
[SourceVersion "1"]
[SourceVersionDate "2007.11.25"]
[SourceQuality "1"]
[WhiteTeam "Jutes of Kent"]
[BlackTeam "Notts"]
[WhiteTeamCountry "ENG"]
[BlackTeamCountry "ENG"]

1. e4 e5 2. Bc4 Nf6 3. d3 Bc5 4. Nf3 d6 5. c3 0-0 6. Nbd2 Nc6 7. b4 Bb6 8. Bb3 a5 9. b5 Ne7 10. Nc4 Bc5 11. 0-0 Be6 12. d4 a4 13. d5 Bxd5 14. exd5 axb3 15. Qxb3 Nexd5 16. Bg5 h6 17. Bh4 g5 18. Bg3 Ne4 19. Rfe1 Nxg3 20. hxg3 Nf6 21. Rad1 Qc8 22. Nfd2 Qf5 23. Ne3 Qg6 24. Nd5 Nxd5 25. Qxd5 Qe6 26. Ne4 Bb6 27. Re2 Ra7 28. c4 Bd4 29. Rdd2 Qxd5 30. Nf6+ Kg7 31. Nxd5 c6 32. Ne3 Bxe3 33. Rxe3 cxb5 34. cxb5 Ra5 35. Rb3 Rd8 36. Kf1 Kf6 37. Ke2 Ke6 38. g4 d5 39. Rdb2 Rda8 40. Rh3 Rxa2 41. Rxh6+ f6 42. Rxa2 Rxa2+ 43. Ke3 Rb2 44. g3 Rb3+ 45. Ke2 e4 46. Rh8 Ke5 47. Re8+ Kd6 48. Rd8+ Ke6 49. Re8+ Kd7 50. Rf8 Ke7 51. Rb8 Rxb5 52. Ke3 Rb4 53. Rh8 b6 54. Rb8 Rb3+ 55. Kd2 Kd7 56. Rf8 Rf3 57. Ke2 b5 58. Rb8 Kc6 59. Rc8+ Kd6 60. Rb8 Rb3 61. Rf8 Ke5 62. Re8+ Kd4 63. Rf8 e3 64. fxe3+ Rxe3+ 65. Kf2 Re6 66. Rb8 Kc5 67. Rc8+ Rc6 0-1

[Event "BCF-chT4 0506 (4NCL)"]
[Site "West Bromwich"]
[Date "2006.02.11"]
[Round "5.4"]
[White "Hibbitt, Arthur M"]
[Black "Walker, Andrew N"]
[Result "1-0"]
[WhiteElo "1950"]
[BlackElo "2095"]
[PlyCount "97"]
[EventDate "2005.11.05"]
[EventType "team-tourn"]
[EventRounds "11"]
[EventCountry "ENG"]
[SourceTitle "CBM 109 Extra"]
[Source "ChessBase"]
[SourceDate "2006.01.03"]
[SourceVersion "2"]
[SourceVersionDate "2006.01.03"]
[SourceQuality "1"]
[WhiteTeam "Grendel's Mother"]
[BlackTeam "Nottinghamshire"]
[WhiteTeamCountry "ENG"]
[BlackTeamCountry "ENG"]

1. d4 f5 2. Nf3 Nf6 3. g3 e6 4. Bg2 Be7 5. 0-0 0-0 6. b3 a5 7. Ba3 Na6 8. Bxe7 Qxe7 9. c4 c6 10. Nc3 d6 11. Re1 Ne4 12. Rc1 Bd7 13. Nd2 d5 14. Nf3 Ng5 15. e3 Be8 16. Ne5 Nf7 17. f4 Nxe5 18. fxe5 Qg5 19. Qd2 Rb8 20. Ne2 Qd8 21. Nf4 Bf7 22. Nd3 Qb6 23. cxd5 cxd5 24. Nc5 Nxc5 25. Rxc5 Ra8 26. Rec1 Be8 27. Bf1 Bc6 28. Qc3 Rfe8 29. a4 Qb4 30. Qxb4 axb4 31. Bb5 Bxb5 32. Rxb5 Rac8 33. Rxc8 Rxc8 34. Rxb7 Rc3 35. Rxb4 Rxe3 36. a5 Re1+ 37. Kf2 Ra1 38. Ra4 Rb1 39. a6 Rb2+ 40. Kf1 Rb1+ 41. Kg2 Rb2+ 42. Kh3 g5 43. a7 g4+ 44. Kh4 Kg7 45. a8Q Rxh2+ 46. Kg5 h6+ 47. Kf4 Re2 48. Ra7+ Kg6 49. Qe8# 1-0